[Event "Pere Noel"]
[Site "Montreal CAN"]
[Date "2017.12.27"]
[Round "1.15"]
[White "Brassard, Sylvain"]
[Black "Lemire-Paquin, Alexandre"]
[Result "0-1"]
[WhiteElo "1829"]
[BlackElo "2155"]
[WhiteFideId "-1"]
[WhiteFideId "-1"]
[PlyCount "76"]
[GameId "2160767908283809"]
[EventDate "2017.12.27"]
[EventType "swiss"]
[EventRounds "5"]
[EventCountry "CAN"]
[SourceTitle "hb 2017"]

1. d4 Nf6 2. Nf3 g6 3. g3 Bg7 4. Bg2 O-O 5. O-O d6 6. c3 Nc6 7. Nbd2 e5 8. e4 Bg4 9. Qc2 Qd7 10. Nb3 a5 11. dxe5 dxe5 12. Be3 b6 13. Rad1 Qe6 14. Rd2 h6 15. Ne1 a4 16. Nc1 Na5 17. f3 Nc4 18. Re2 Bh3 19. b3 axb3 20. axb3 Nxe3 21. Rxe3 Bxg2 22. Kxg2 h5 23. Ned3 Bh6 24. Re2 Rfd8 25. Rd1 Ra1 26. Rf1 Qd6 27. b4 Qe6 28. c4 Bxc1 29. Rxc1 Rxc1 30. Nxc1 Rd4 31. Nd3 Rxc4 32. Qa2 Nd7 33. Rd2 Qc6 34. Qb2 Rd4 35. Rc2 Qd6 36. Nf2 Rxb4 37. Qa3 c5 38. Nh3 Qd1 0-1

[Event "Pere Noel"]
[Site "Montreal CAN"]
[Date "2017.12.27"]
[Round "1.16"]
[White "Saha, Ananda"]
[Black "Steinberg, Ellis"]
[Result "1-0"]
[WhiteElo "2132"]
[BlackElo "1820"]
[WhiteFideId "-1"]
[WhiteFideId "-1"]
[PlyCount "69"]
[GameId "2160767908283810"]
[EventDate "2017.12.27"]
[EventType "swiss"]
[EventRounds "5"]
[EventCountry "CAN"]
[SourceTitle "hb 2017"]

1. Nf3 Nf6 2. b3 d5 3. Bb2 c5 4. g3 Nc6 5. Bg2 Bg4 6. O-O e6 7. c4 d4 8. d3 Be7 9. e3 e5 10. exd4 exd4 11. Re1 O-O 12. a3 a5 13. Nbd2 Re8 14. Qc2 Qc7 15. Ng5 Nd7 16. Nh3 Nf6 17. f4 Bf8 18. Nf2 Ne7 19. Nde4 Nxe4 20. dxe4 Bd7 21. Nd3 Nc6 22. Bc1 Rad8 23. Bd2 b6 24. h3 h5 25. Qd1 g6 26. g4 hxg4 27. hxg4 f6 28. Kf2 Re7 29. Rh1 Be8 30. Qf3 Rh7 31. Rxh7 Qxh7 32. Rh1 Qg7 33. Qh3 Bd7 34. e5 fxe5 35. Bd5+ 1-0

[Event "Pere Noel"]
[Site "Montreal CAN"]
[Date "2017.12.27"]
[Round "1.17"]
[White "Forest, Jimmy2"]
[Black "Zheng, Richard"]
[Result "0-1"]
[WhiteElo "1791"]
[BlackElo "2102"]
[WhiteFideId "-1"]
[WhiteFideId "-1"]
[PlyCount "148"]
[GameId "2160767908283811"]
[EventDate "2017.12.27"]
[EventType "swiss"]
[EventRounds "5"]
[EventCountry "CAN"]
[SourceTitle "EXT 2022"]
[Source "ChessBase"]
[SourceDate "2021.10.06"]
[SourceVersion "1"]
[SourceVersionDate "2021.10.06"]
[SourceQuality "1"]

1. d4 f5 2. Nc3 d5 3. g3 Nf6 4. Bg2 e6 5. Nf3 c6 6. a3 Bd6 7. b3 Nbd7 8. Bb2 O-O 9. e3 Qc7 10. O-O b6 11. Ne2 Bb7 12. Rc1 Ne4 13. c4 Rac8 14. cxd5 exd5 15. Nc3 Nxc3 16. Rxc3 Nf6 17. b4 Qe7 18. Rc2 Rc7 19. Qe2 Rfc8 20. Rfc1 Nd7 21. Qd3 g6 22. h4 b5 23. Ng5 Nb6 24. Re1 Nc4 25. Ba1 Re8 26. Rec1 Bc8 27. Qc3 a6 28. Bf1 Qf6 29. Bxc4 bxc4 30. f4 Bf8 31. Nf3 Qd6 32. Qd2 h6 33. Ne5 Rg7 34. Kf2 Be7 35. Rh1 Bf6 36. Kf3 Ree7 37. Bc3 Rb7 38. Rb2 Bd7 39. Qc2 Be8 40. Qh2 Qe6 41. Rhb1 g5 42. Rg2 gxh4 43. Rbg1 Bxe5 44. dxe5 Bh5+ 45. Kf2 Rg4 46. gxh4 Rbg7 47. Rxg4 Rxg4 48. Bd4 Qg6 49. Rg2 Kf7 50. Rxg4 Qxg4 51. Qg3 Ke6 52. Kg2 Bg6 53. Kf2 h5 54. Kg2 Bf7 55. Kf2 Be8 56. Kg2 Bd7 57. Kh2 Bc8 58. Kg2 Bb7 59. Kh2 Ba8 60. Kg2 c5 61. bxc5 c3 62. Qxg4 fxg4 63. Kg3 c2 64. Bb2 Bc6 65. e4 d4 66. f5+ Kxe5 67. f6 Kxf6 68. Bxd4+ Ke6 69. Bb2 Bxe4 70. Bc1 Kd5 71. Be3 Kc4 72. Kf4 Bc6 73. Kg3 Kb3 74. Bc1 Ka2 0-1

[Event "Pere Noel"]
[Site "Montreal CAN"]
[Date "2017.12.28"]
[Round "2.1"]
[White "Sambuev, Bator"]
[Black "Voskanyan, Vahagn"]
[Result "1-0"]
[WhiteElo "2597"]
[BlackElo "2263"]
[WhiteFideId "-1"]
[WhiteFideId "-1"]
[PlyCount "113"]
[GameId "2160767908283812"]
[EventDate "2017.12.27"]
[EventType "swiss"]
[EventRounds "5"]
[EventCountry "CAN"]
[SourceTitle "hb 2017"]

1. Nf3 d5 2. d4 c5 3. c4 dxc4 4. e3 e6 5. Bxc4 Nf6 6. O-O Nc6 7. Qe2 a6 8. Nc3 Qc7 9. a4 Be7 10. h3 O-O 11. dxc5 Bxc5 12. e4 Nd4 13. Nxd4 Bxd4 14. Kh1 Bd7 15. Bd3 Bc6 16. Bg5 Nd7 17. Rac1 Qa5 18. Bd2 Qd8 19. Bc2 e5 20. b4 b6 21. Bb3 Ra7 22. Nd5 Bxd5 23. Bxd5 Nf6 24. Bb3 Qa8 25. Rfe1 h6 26. Qf3 Qd8 27. Rc6 Nh7 28. Rec1 Qh4 29. Kg1 Rd7 30. Bd5 Nf6 31. Rxf6 Qxf6 32. Qxf6 gxf6 33. Bxh6 Rfd8 34. Kf1 Kh7 35. Bd2 Kg7 36. g4 Ra7 37. Rc6 Rdd7 38. Ke2 Rac7 39. b5 axb5 40. axb5 Ra7 41. h4 Ra3 42. h5 Rh3 43. h6+ Rxh6 44. Bxh6+ Kxh6 45. Rxf6+ Kg7 46. g5 Rc7 47. Kf3 Re7 48. Kg4 Ra7 49. f3 Rc7 50. Kf5 Ra7 51. g6 fxg6+ 52. Rxg6+ Kh7 53. Kf6 Ra1 54. Bg8+ Kh8 55. Be6 Rh1 56. Rg8+ Kh7 57. Rc8 1-0

[Event "Pere Noel"]
[Site "Montreal CAN"]
[Date "2017.12.28"]
[Round "2.3"]
[White "Yu, Zong Yang"]
[Black "Robichaud, Louis"]
[Result "1-0"]
[WhiteElo "2484"]
[BlackElo "2178"]
[WhiteFideId "-1"]
[WhiteFideId "-1"]
[PlyCount "59"]
[GameId "2160767908283814"]
[EventDate "2017.12.27"]
[EventType "swiss"]
[EventRounds "5"]
[EventCountry "CAN"]
[SourceTitle "hb 2017"]

1. d4 Nf6 2. c4 g6 3. Nc3 Bg7 4. Nf3 O-O 5. Bf4 d6 6. e3 Nbd7 7. Be2 b6 8. O-O Bb7 9. Qc2 h6 10. h3 Re8 11. Rfd1 Qc8 12. d5 Nf8 13. e4 e5 14. Be3 Nh5 15. b4 Nf4 16. Bf1 g5 17. Kh2 N8g6 18. g3 g4 19. Ng1 Nxh3 20. Nxh3 gxh3 21. Bxh3 Qd8 22. Qd2 Kh7 23. Bf5 Bc8 24. Rh1 Bxf5 25. exf5 Ne7 26. f6 Bxf6 27. Kg2 Qd7 28. Ne4 Bg7 29. Bxh6 Rh8 30. Qg5 1-0

[Event "Pere Noel"]
[Site "Montreal CAN"]
[Date "2017.12.28"]
[Round "2.5"]
[White "Milicevic, Goran"]
[Black "Saha, Ananda"]
[Result "1/2-1/2"]
[WhiteElo "2340"]
[BlackElo "2132"]
[WhiteFideId "-1"]
[WhiteFideId "-1"]
[PlyCount "45"]
[GameId "2160767908283816"]
[EventDate "2017.12.27"]
[EventType "swiss"]
[EventRounds "5"]
[EventCountry "CAN"]
[SourceTitle "hb 2017"]

1. d4 d5 2. Nf3 Nf6 3. c4 e6 4. Nc3 Be7 5. Bf4 O-O 6. e3 b6 7. Rc1 c5 8. Bd3 dxc4 9. Bxc4 Bb7 10. O-O Nc6 11. dxc5 Qxd1 12. Rfxd1 Bxc5 13. a3 Rfd8 14. b4 Bf8 15. h3 Rxd1+ 16. Nxd1 Rc8 17. Bb3 Ne7 18. Rxc8 Nxc8 19. Nc3 a5 20. bxa5 Bxa3 21. axb6 Nxb6 22. Nb5 Bc5 23. Nbd4 1/2-1/2

[Event "Pere Noel"]
[Site "Montreal CAN"]
[Date "2017.12.28"]
[Round "2.8"]
[White "Marcone, Malcom"]
[Black "Leveille, Francois"]
[Result "0-1"]
[WhiteElo "1855"]
[BlackElo "2298"]
[WhiteFideId "-1"]
[WhiteFideId "-1"]
[PlyCount "146"]
[GameId "2160767908283819"]
[EventDate "2017.12.27"]
[EventType "swiss"]
[EventRounds "5"]
[EventCountry "CAN"]
[SourceTitle "hb 2017"]

1. d4 Nf6 2. c4 g6 3. Nc3 Bg7 4. e4 d6 5. Nf3 O-O 6. Be2 e5 7. O-O Nc6 8. d5 Ne7 9. b4 a5 10. Ba3 axb4 11. Bxb4 Re8 12. a4 Bf8 13. Ne1 c5 14. Ba3 Bg7 15. Bc1 Nd7 16. Nb5 Ra6 17. g3 f5 18. f3 Nf6 19. Nc3 Rf8 20. Rb1 Rf7 21. Bd2 Kh8 22. Ng2 Neg8 23. Qc1 Qf8 24. Bd3 fxe4 25. fxe4 Bh3 26. Qe1 Nh6 27. Rb2 Kg8 28. Qb1 Ra7 29. Rb6 Nfg4 30. Rxf7 Qxf7 31. Qf1 Qc7 32. Rb1 Ra8 33. Qe2 Nf7 34. Rb2 Qe7 35. Rb1 Bf6 36. Rf1 Kg7 37. Bc2 h5 38. Nd1 Bg5 39. Nf2 Bxg2 40. Kxg2 Bxd2 41. Qxd2 Nxf2 42. Qxf2 h4 43. Qe3 Rh8 44. Bd1 Qd7 45. gxh4 Rxh4 46. h3 Qe7 47. Bg4 Rh7 48. Qf2 Ng5 49. Qe3 Kg8 50. a5 Rf7 51. Rxf7 Kxf7 52. h4 Nh7 53. Kg3 Kg7 54. Be6 Nf6 55. Bg4 Qc7 56. h5 Qxa5 57. Bf3 Qd8 58. hxg6 Kxg6 59. Bg4 Nxg4 60. Kxg4 Qf6 61. Qb3 Qf4+ 62. Kh3 Kg5 63. Qxb7 Qh4+ 64. Kg2 Qxe4+ 65. Kf2 Qc2+ 66. Kg3 Qc3+ 67. Kf2 Kf4 68. Qf7+ Ke4 69. Qg6+ Kd4 70. Qxd6 Qd2+ 71. Kg3 Qf4+ 72. Kh3 Kxc4 73. Qe6 Qf3+ 0-1

[Event "Pere Noel"]
[Site "Montreal CAN"]
[Date "2017.12.28"]
[Round "2.9"]
[White "Zhu, Hong Rui"]
[Black "Jain, Ankita"]
[Result "1-0"]
[WhiteElo "2288"]
[BlackElo "1264"]
[WhiteFideId "-1"]
[WhiteFideId "-1"]
[PlyCount "61"]
[GameId "2160767908283820"]
[EventDate "2017.12.27"]
[EventType "swiss"]
[EventRounds "5"]
[EventCountry "CAN"]
[SourceTitle "hb 2017"]

1. e4 c5 2. Nf3 d6 3. d4 cxd4 4. Nxd4 Nf6 5. Nc3 a6 6. h3 e5 7. Nde2 h6 8. g4 g5 9. Bg2 Be6 10. Be3 Nbd7 11. Qd2 Qc7 12. a4 Rc8 13. a5 Qc6 14. O-O Nc5 15. Ng3 Rd8 16. Rfd1 Be7 17. Nd5 Bxd5 18. exd5 Qc7 19. Rac1 b5 20. axb6 Qc8 21. b4 Ncd7 22. c4 Qb7 23. c5 Qb8 24. Nf5 Rc8 25. b7 Rd8 26. c6 Bf8 27. c7 Qxb7 28. cxd8=Q+ Kxd8 29. Rc6 Ne8 30. Rdc1 Qb8 31. Qc2 1-0

[Event "Pere Noel"]
[Site "Montreal CAN"]
[Date "2017.12.28"]
[Round "2.10"]
[White "Cui, Leonardo"]
[Black "Luksza, Arkadiusz"]
[Result "0-1"]
[WhiteElo "1830"]
[BlackElo "2225"]
[WhiteFideId "-1"]
[WhiteFideId "-1"]
[PlyCount "74"]
[GameId "2160767908283821"]
[EventDate "2017.12.27"]
[EventType "swiss"]
[EventRounds "5"]
[EventCountry "CAN"]
[SourceTitle "hb 2017"]

1. Nf3 Nf6 2. c4 e6 3. g3 d5 4. b3 c5 5. Bg2 Nc6 6. e3 d4 7. exd4 cxd4 8. O-O Bc5 9. d3 O-O 10. a3 a5 11. Re1 Re8 12. Bf4 Nd7 13. Ng5 h6 14. Ne4 e5 15. Nxc5 Nxc5 16. Bxc6 bxc6 17. Rxe5 Rxe5 18. Bxe5 f6 19. Bf4 Bf5 20. Qh5 Qd7 21. g4 g6 22. Qxh6 Bxd3 23. Nd2 Qxg4+ 24. Bg3 Qh5 25. Qxh5 gxh5 26. Re1 Kf7 27. Bd6 Ne6 28. f4 Rd8 29. c5 Rd7 30. Nf3 Rb7 31. Nd2 Ng7 32. b4 axb4 33. axb4 Nf5 34. Ne4 Bxe4 35. Rxe4 Rxb4 36. Kg2 Rb2+ 37. Kh3 d3 0-1

[Event "Pere Noel"]
[Site "Montreal CAN"]
[Date "2017.12.28"]
[Round "2.11"]
[White "Gauthier, Denis"]
[Black "Zhong, Kevin"]
[Result "0-1"]
[WhiteElo "1867"]
[BlackElo "2080"]
[WhiteFideId "-1"]
[WhiteFideId "-1"]
[PlyCount "35"]
[GameId "2160767908283822"]
[EventDate "2017.12.27"]
[EventType "swiss"]
[EventRounds "5"]
[EventCountry "CAN"]
[SourceTitle "hb 2017"]

1. d4 d5 2. c4 e6 3. Nc3 c5 4. cxd5 exd5 5. Nf3 Nc6 6. g3 Nf6 7. Bg2 Be7 8. dxc5 Bxc5 9. O-O O-O 10. Bg5 d4 11. Bxf6 Qxf6 12. Nd5 Qd8 13. Nd2 Re8 14. Rc1 Bb6 15. a3 Bg4 16. Nf4 d3 17. Re1 dxe2 18. Qa4 0-1

[Event "Pere Noel"]
[Site "Montreal CAN"]
[Date "2017.12.28"]
[Round "2.12"]
[White "Saine, Zachary"]
[Black "Richard, Leo"]
[Result "1/2-1/2"]
[WhiteElo "1972"]
[BlackElo "1836"]
[WhiteFideId "-1"]
[WhiteFideId "-1"]
[PlyCount "68"]
[GameId "2160767908283823"]
[EventDate "2017.12.27"]
[EventType "swiss"]
[EventRounds "5"]
[EventCountry "CAN"]
[SourceTitle "hb 2017"]

1. e4 e6 2. d4 d5 3. e5 c5 4. c3 Nc6 5. Nf3 Qb6 6. a3 cxd4 7. cxd4 Nh6 8. b4 Nf5 9. Bb2 Be7 10. Be2 O-O 11. g4 Nh4 12. O-O Nxf3+ 13. Bxf3 a5 14. Qd3 axb4 15. axb4 Rxa1 16. Bxa1 Nxb4 17. Qb3 Bd7 18. Na3 Qa6 19. Rb1 Ra8 20. Bb2 Qa4 21. Bd1 Qxb3 22. Bxb3 Nd3 23. Nc2 Ra6 24. Bc3 Nf4 25. Bd2 Ng6 26. Nb4 Rb6 27. Nd3 Ba4 28. Ba2 Rxb1+ 29. Bxb1 f6 30. f4 fxe5 31. dxe5 Bb5 32. Kg2 Bxd3 33. Bxd3 Bb4 34. Bc1 Ba3 1/2-1/2

[Event "Pere Noel"]
[Site "Montreal CAN"]
[Date "2017.12.28"]
[Round "2.13"]
[White "Baran, Marius"]
[Black "Chang, Alexander"]
[Result "1/2-1/2"]
[WhiteElo "1864"]
[BlackElo "1953"]
[WhiteFideId "-1"]
[WhiteFideId "-1"]
[PlyCount "79"]
[GameId "2160767908283824"]
[EventDate "2017.12.27"]
[EventType "swiss"]
[EventRounds "5"]
[EventCountry "CAN"]
[SourceTitle "hb 2017"]

1. e4 e5 2. Nf3 Nc6 3. d4 exd4 4. Bc4 d6 5. Nxd4 Nf6 6. Nc3 Be7 7. O-O O-O 8. h3 Ne5 9. Bb3 Bd7 10. f4 Ng6 11. Be3 Bc6 12. Nxc6 bxc6 13. Qf3 Re8 14. Rad1 Nd7 15. g3 Bf6 16. Bd4 Bxd4+ 17. Rxd4 Qe7 18. Re1 Nc5 19. Kg2 Nxb3 20. axb3 Qf6 21. Ra4 d5 22. e5 Qe7 23. Qf2 f6 24. e6 f5 25. Rxa7 Rxa7 26. Qxa7 Qd6 27. Qa3 Rxe6 28. Qxd6 Rxd6 29. Re8+ Kf7 30. Rc8 Rd7 31. Na4 Re7 32. Kf2 Nf8 33. Nc5 Ne6 34. Nxe6 Kxe6 35. Rh8 g6 36. Ke3 c5 37. Kd3 Kd6 38. c3 Kc6 39. h4 h5 40. Rg8 1/2-1/2

[Event "Pere Noel"]
[Site "Montreal CAN"]
[Date "2017.12.28"]
[Round "2.14"]
[White "Auger, Bertrand"]
[Black "Brassard, Sylvain"]
[Result "1-0"]
[WhiteElo "1934"]
[BlackElo "1829"]
[WhiteFideId "-1"]
[WhiteFideId "-1"]
[PlyCount "77"]
[GameId "2160767908283825"]
[EventDate "2017.12.27"]
[EventType "swiss"]
[EventRounds "5"]
[EventCountry "CAN"]
[SourceTitle "hb 2017"]

1. Nf3 d5 2. g3 Nf6 3. Bg2 c6 4. O-O Bg4 5. b3 Nbd7 6. Bb2 e6 7. d3 Be7 8. Nbd2 O-O 9. c4 Re8 10. Qc2 Rc8 11. Rfe1 h6 12. Rac1 Bf5 13. a3 Qb6 14. b4 Ng4 15. c5 Qc7 16. e4 dxe4 17. dxe4 Bh7 18. Nc4 b5 19. cxb6 Nxb6 20. h3 Nxc4 21. Qxc4 Nf6 22. Ne5 c5 23. b5 Qb6 24. Bc3 Bd6 25. Rcd1 Bxe5 26. Bxe5 Red8 27. Bc3 Rxd1 28. Rxd1 Rd8 29. Rxd8+ Qxd8 30. Qe2 Qe7 31. a4 e5 32. Qc4 Kf8 33. Bd2 Bg8 34. Be3 Nd7 35. Qd5 Nb6 36. Qxc5 Qxc5 37. Bxc5+ Ke8 38. a5 Nc4 39. a6 1-0

[Event "Pere Noel"]
[Site "Montreal CAN"]
[Date "2017.12.28"]
[Round "2.15"]
[White "Steinberg, Ellis"]
[Black "Destree, Frederic"]
[Result "0-1"]
[WhiteElo "1820"]
[BlackElo "1924"]
[WhiteFideId "-1"]
[WhiteFideId "-1"]
[PlyCount "92"]
[GameId "2160767908283826"]
[EventDate "2017.12.27"]
[EventType "swiss"]
[EventRounds "5"]
[EventCountry "CAN"]
[SourceTitle "hb 2017"]

1. e4 c5 2. Nf3 g6 3. d4 cxd4 4. Nxd4 Nc6 5. c4 Nf6 6. Nc3 d6 7. Be2 Nxd4 8. Qxd4 Bg7 9. Be3 O-O 10. Qd2 a5 11. f3 a4 12. O-O Qa5 13. Nd5 Nxd5 14. Qxa5 Rxa5 15. cxd5 Bxb2 16. Rab1 a3 17. Bc1 Bd4+ 18. Kh1 b6 19. Rb3 Bd7 20. Bd2 Ra7 21. Rc1 Bc5 22. Bb5 Bxb5 23. Rxb5 Ra4 24. g4 Rfa8 25. Kg2 Rd4 26. Rc2 Raa4 27. Rb3 Rdc4 28. Rxc4 Rxc4 29. Rc3 Rxc3 30. Bxc3 b5 31. Kf1 b4 32. Ba1 e5 33. dxe6 fxe6 34. e5 d5 35. Ke2 g5 36. Kd3 Kf7 37. h3 Ke7 38. Kc2 Kd7 39. Kd3 Kc6 40. f4 gxf4 41. h4 f3 42. g5 f2 43. Ke2 Be3 44. h5 Bxg5 45. Kxf2 Bc1 46. Bd4 Bb2 0-1

[Event "Pere Noel"]
[Site "Montreal CAN"]
[Date "2017.12.28"]
[Round "2.16"]
[White "Jia, Zhe"]
[Black "Forest, Jimmy2"]
[Result "1-0"]
[WhiteElo "1895"]
[BlackElo "1791"]
[WhiteFideId "-1"]
[WhiteFideId "-1"]
[PlyCount "123"]
[GameId "2160767908283827"]
[EventDate "2017.12.27"]
[EventType "swiss"]
[EventRounds "5"]
[EventCountry "CAN"]
[SourceTitle "EXT 2022"]
[Source "ChessBase"]
[SourceDate "2021.10.06"]
[SourceVersion "1"]
[SourceVersionDate "2021.10.06"]
[SourceQuality "1"]

1. Nf3 Nf6 2. c4 g6 3. Nc3 d5 4. cxd5 Nxd5 5. e3 Bg7 6. Be2 O-O 7. O-O c5 8. a3 e6 9. Qc2 b6 10. Rb1 Bb7 11. b4 Nxc3 12. dxc3 cxb4 13. axb4 Qc7 14. Bb2 Nc6 15. Qb3 Rfd8 16. Rfd1 Ne5 17. Nd4 Rd7 18. f4 Bd5 19. Qc2 Nc4 20. Bc1 Qb7 21. Bxc4 Bxc4 22. e4 e5 23. fxe5 Bxe5 24. Be3 Rad8 25. Rd2 Qc7 26. h3 Ba6 27. Ra1 Bc4 28. Kh1 Bg7 29. Rad1 Qg3 30. Nf3 Qc7 31. Rxd7 Rxd7 32. Bd4 Be6 33. Qe2 Qc4 34. Qxc4 Bxc4 35. Ra1 Bd3 36. Bxg7 Kxg7 37. Ne5 Rc7 38. Nxd3 Rxc3 39. Rd1 a5 40. bxa5 bxa5 41. Ne5 Kf6 42. Rd5 a4 43. Ra5 a3 44. Nd7+ Ke7 45. Nb6 Ke6 46. Nd5 Rb3 47. Nc7+ Ke7 48. Na6 f5 49. e5 f4 50. Nc5 Re3 51. Ra7+ Ke8 52. Nd7 a2 53. Nf6+ Kd8 54. Ra8+ Kc7 55. Nd5+ Kb7 56. Rxa2 Rxe5 57. Nxf4 g5 58. Nh5 h6 59. Rc2 Re3 60. Kh2 Rd3 61. Rf2 Rd6 62. Rf6 1-0

[Event "Pere Noel"]
[Site "Montreal CAN"]
[Date "2017.12.29"]
[Round "3.3"]
[White "Leveille, Francois"]
[Black "Yu, Zong Yang"]
[Result "1-0"]
[WhiteElo "2298"]
[BlackElo "2484"]
[WhiteFideId "-1"]
[WhiteFideId "-1"]
[PlyCount "107"]
[GameId "2160767908283830"]
[EventDate "2017.12.27"]
[EventType "swiss"]
[EventRounds "5"]
[EventCountry "CAN"]
[SourceTitle "hb 2017"]

1. e4 c6 2. d4 d5 3. e5 Bf5 4. Nf3 e6 5. Be2 Ne7 6. O-O Bg6 7. Nbd2 Nf5 8. Nb3 Nd7 9. Bd2 Be7 10. Rc1 O-O 11. g4 Nh6 12. Ne1 c5 13. c3 Qb6 14. dxc5 Nxc5 15. Be3 Qc7 16. Ng2 Nxb3 17. axb3 Bc5 18. Bxc5 Qxc5 19. b4 Qb6 20. Qd4 Rfc8 21. Ne3 Qxd4 22. cxd4 Kf8 23. Rc5 Ke7 24. Rfc1 Kd8 25. h4 f6 26. exf6 gxf6 27. f4 b6 28. Rxc8+ Rxc8 29. Rxc8+ Kxc8 30. g5 Nf5 31. Nxf5 exf5 32. h5 Bf7 33. Bd3 Bxh5 34. Bxf5+ Kd8 35. Bxh7 Ke7 36. Kf2 Kf7 37. Kg3 Bd1 38. Bf5 Be2 39. Bg4 Bc4 40. Bh5+ Kg7 41. Bd1 Bb5 42. Bf3 Bc4 43. Bd1 Bd3 44. Bf3 Bc4 45. Kg4 Kg6 46. Kh4 Kg7 47. Bg4 Bd3 48. Be6 Be4 49. Kg4 Kg6 50. Bd7 Kf7 51. Bf5 Bg2 52. Bd3 Kg7 53. g6 a6 54. f5 1-0

[Event "Pere Noel"]
[Site "Montreal CAN"]
[Date "2017.12.29"]
[Round "3.5"]
[White "Saha, Ananda"]
[Black "Zheng, Richard"]
[Result "1-0"]
[WhiteElo "2132"]
[BlackElo "2102"]
[WhiteFideId "-1"]
[WhiteFideId "-1"]
[PlyCount "59"]
[GameId "2160767908283832"]
[EventDate "2017.12.27"]
[EventType "swiss"]
[EventRounds "5"]
[EventCountry "CAN"]
[SourceTitle "hb 2017"]

1. Nf3 d5 2. c4 e6 3. g3 c6 4. b3 f5 5. Bb2 Nf6 6. Bg2 Bd6 7. O-O O-O 8. d3 Qe7 9. Nbd2 Rd8 10. Qc2 e5 11. e4 fxe4 12. dxe4 d4 13. Ne1 c5 14. Nd3 Nbd7 15. Rae1 b6 16. h3 Bb7 17. Qd1 Rf8 18. f4 Bc7 19. f5 g6 20. Bc1 Qg7 21. g4 g5 22. Nf2 h6 23. Nf3 Bd8 24. h4 Nh7 25. hxg5 Nxg5 26. Nxg5 hxg5 27. Bf3 Kf7 28. Kg2 Bf6 29. Rh1 Rh8 30. Rh3 1-0

[Event "Pere Noel"]
[Site "Montreal CAN"]
[Date "2017.12.29"]
[Round "3.7"]
[White "Zhong, Kevin"]
[Black "Dougherty, Michael"]
[Result "1-0"]
[Annotator ",Microsoft"]
[WhiteElo "2080"]
[BlackElo "2234"]
[WhiteFideId "-1"]
[WhiteFideId "-1"]
[PlyCount "46"]
[GameId "2160767739316815"]
[EventDate "2017.12.27"]
[EventType "swiss"]
[EventRounds "5"]
[EventCountry "CAN"]
[SourceTitle "hb 2017"]

1. e4 c6 2. d4 d5 3. exd5 cxd5 4. c4 Nf6 5. Nc3 Nc6 6. Bg5 Be6 7. Be2 Qa5 8. Bf3 O-O-O 9. Bxf6 gxf6 10. cxd5 Bxd5 11. Bxd5 Rxd5 12. Nf3 Rd7 13. O-O e6 14. a3 Bh6 15. b4 Qd8 16. Qa4 Kb8 17. Rfd1 a6 18. b5 axb5 19. Qxb5 Qa5 20. Qb3 Rhd8 21. Rab1 Bf8 22. Ne4 Be7 23. Rdc1 Qa6 {etc. 1-0 in/en 29.} 1-0

[Event "Pere Noel"]
[Site "Montreal CAN"]
[Date "2017.12.29"]
[Round "3.9"]
[White "Robichaud, Louis"]
[Black "Jia, Zhe"]
[Result "0-1"]
[WhiteElo "2178"]
[BlackElo "1895"]
[WhiteFideId "-1"]
[WhiteFideId "-1"]
[PlyCount "104"]
[GameId "2160767908292029"]
[EventDate "2017.12.27"]
[EventType "swiss"]
[EventRounds "5"]
[EventCountry "CAN"]
[SourceTitle "hb 2017"]

1. e4 c5 2. d3 e5 3. Nc3 Nc6 4. g3 d6 5. Bg2 Nge7 6. Nh3 g6 7. O-O Bg7 8. f4 O-O 9. f5 gxf5 10. Qh5 Nd4 11. Rf2 f6 12. Be3 Qe8 13. Qxe8 Rxe8 14. Nd5 Nxd5 15. exd5 Kf7 16. c3 Nb5 17. a4 Nc7 18. a5 Rb8 19. c4 Na6 20. Kh1 Nb4 21. Ra3 Bd7 22. Ng1 e4 23. dxe4 fxe4 24. Bh3 Rbd8 25. Bxd7 Rxd7 26. Nh3 Nd3 27. Re2 Kg6 28. Nf4+ Nxf4 29. Bxf4 f5 30. Rb3 Be5 31. Bc1 h5 32. Kg2 Rh7 33. Kh3 Rg8 34. Kg2 Kf6 35. h3 Rhg7 36. g4 hxg4 37. h4 Kg6 38. Bg5 Bf6 39. Bf4 Rd7 40. Rb5 Be7 41. b4 Rc8 42. bxc5 Rxc5 43. Rxc5 dxc5 44. h5+ Kxh5 45. Kg3 Bh4+ 46. Kg2 Kg6 47. Rd2 Bg5 48. Kg3 Rh7 49. Bxg5 Kxg5 50. d6 f4+ 51. Kg2 f3+ 52. Kg1 Rd7 0-1

[Event "Pere Noel"]
[Site "Montreal CAN"]
[Date "2017.12.29"]
[Round "3.10"]
[White "Destree, Frederic"]
[Black "Bassel, Charaf"]
[Result "0-1"]
[WhiteElo "1924"]
[BlackElo "2158"]
[WhiteFideId "-1"]
[WhiteFideId "-1"]
[PlyCount "46"]
[GameId "2160767908292030"]
[EventDate "2017.12.27"]
[EventType "swiss"]
[EventRounds "5"]
[EventCountry "CAN"]
[SourceTitle "hb 2017"]

1. Nf3 Nc6 2. g3 e5 3. d3 d5 4. Bg2 Nf6 5. O-O Be7 6. c4 O-O 7. Nbd2 d4 8. Re1 h6 9. Ne4 Ne8 10. Qb3 f5 11. Ned2 g5 12. c5+ Kh8 13. Nc4 Bf6 14. e3 g4 15. Nfd2 Ng7 16. Bxc6 bxc6 17. Na5 dxe3 18. fxe3 Qd5 19. Qxd5 cxd5 20. e4 dxe4 21. dxe4 f4 22. Nf1 Ne6 23. gxf4 Nd4 0-1

[Event "Pere Noel"]
[Site "Montreal CAN"]
[Date "2017.12.29"]
[Round "3.12"]
[White "Durette, Francis"]
[Black "Guipi Bopala, Prince Eric jr"]
[Result "1-0"]
[WhiteElo "2098"]
[BlackElo "1855"]
[WhiteFideId "-1"]
[WhiteFideId "-1"]
[PlyCount "51"]
[GameId "2160767908292033"]
[EventDate "2017.12.27"]
[EventType "swiss"]
[EventRounds "5"]
[EventCountry "CAN"]
[SourceTitle "hb 2017"]

1. c4 e6 2. d4 f5 3. Nc3 Nf6 4. Nf3 d5 5. Bf4 c6 6. e3 Be7 7. Bd3 O-O 8. h3 Ne4 9. Qc2 Bd6 10. Ne5 Qe7 11. O-O Kh8 12. Qe2 Bd7 13. c5 Bxe5 14. Bxe5 Qf7 15. Bxe4 fxe4 16. Bd6 Rg8 17. f3 exf3 18. Rxf3 Qh5 19. Raf1 Na6 20. Qf2 h6 21. Rf7 Rad8 22. Qg3 Qg5 23. Qxg5 hxg5 24. Be7 Rde8 25. Bxg5 Bc8 26. R1f4 1-0

[Event "Pere Noel"]
[Site "Montreal CAN"]
[Date "2017.12.30"]
[Round "4.1"]
[White "Zhu, Hong Rui"]
[Black "Leveille, Francois"]
[Result "1-0"]
[WhiteElo "2288"]
[BlackElo "2298"]
[WhiteFideId "-1"]
[WhiteFideId "-1"]
[PlyCount "155"]
[GameId "2160767908292046"]
[EventDate "2017.12.27"]
[EventType "swiss"]
[EventRounds "5"]
[EventCountry "CAN"]
[SourceTitle "hb 2017"]

1. e4 c5 2. Nf3 Nc6 3. d4 cxd4 4. Nxd4 e5 5. Nb5 d6 6. N1c3 a6 7. Na3 Be7 8. Nc4 b5 9. Ne3 Nf6 10. a3 O-O 11. g3 Rb8 12. Bg2 a5 13. O-O Re8 14. Qd3 Nd4 15. Bd2 Be6 16. Ncd5 Nd7 17. Bc3 Nc5 18. Qd2 Nc6 19. b3 Bg5 20. f4 Bh6 21. Nf5 Bxf5 22. exf5 b4 23. axb4 axb4 24. Bb2 Ne7 25. f6 Nxd5 26. Qxd5 Qb6 27. Kh1 g6 28. Rae1 Rbd8 29. Qc4 Nd7 30. Bd5 Rf8 31. fxe5 dxe5 32. Bxe5 Nxe5 33. Rxe5 Qd6 34. Qe2 Kh8 35. Bc4 Qc6+ 36. Qe4 Qxe4+ 37. Rxe4 Bd2 38. h4 h5 39. Re7 Kg8 40. Ra1 Bc3 41. Raa7 Rd1+ 42. Kg2 Ra1 43. Bxf7+ Kh8 44. Rxa1 Bxa1 45. Bxg6 Rxf6 46. Bxh5 Bd4 47. Bf3 Rd6 48. Be4 Bf6 49. Rb7 Bc3 50. Bd3 Rf6 51. Kh3 Be1 52. Rh7+ Kg8 53. Re7 Bc3 54. Kg4 Kf8 55. Re4 Kg7 56. Kh3 Rf3 57. Kg2 Rf6 58. g4 Rf8 59. Kg3 Rf7 60. g5 Bd2 61. Kg4 Rd7 62. Kh5 Rc7 63. Rd4 Be1 64. Re4 Bd2 65. Re6 Rc5 66. Rg6+ Kf8 67. Kh6 Be1 68. Rf6+ Ke7 69. Rf4 Bd2 70. Rf2 Bc1 71. Bc4 Rc6+ 72. Kh7 Rd6 73. Re2+ Kf8 74. Rf2+ Ke8 75. g6 Rd4 76. h5 Rd6 77. Re2+ Kd8 78. Re6 1-0